[Event "oeism u12_Gilrs_Blitz"]
[Site "austriaU12girls"]
[Date "2020.12.11"]
[Round "4"]
[White "HarryPotter09"]
[Black "chessellis"]
[Result "0-1"]
[WhiteElo "1514"]
[BlackElo "1610"]
[Annotator "NA RC"]
[PlyCount "74"]
[EventDate "2020.12.11"]
[EventType "blitz"]

1. e4 {[%emt 0:00:02]} c5 {[%emt 0:00:02]} 2. Nf3 {[%emt 0:00:03]} d6 {[%emt 0:00:01]} 3. d4 {[%emt 0:00:02]} cxd4 {[%emt 0:00:02]} 4. Nxd4 {[%emt 0:00:01]} Nf6 {[%emt 0:00:01]} 5. Nc3 {[%emt 0:00:02]} g6 {[%emt 0:00:01]} 6. Be3 {[%emt 0:00:02]} Bg7 {[%emt 0:00:01]} 7. f3 {[%emt 0:00:01]} O-O {[%emt 0:00:01]} 8. Qd2 {[%emt 0:00:02]} Nc6 {[%emt 0:00:01]} 9. O-O-O {[%emt 0:00:02]} Qa5 {[%emt 0:00:09]} 10. Nxc6 {[%emt 0:00:13]} bxc6 {[%emt 0:00:03]} 11. Bh6 {[%emt 0:00:03]} Rb8 {[%emt 0:00:03]} 12. Bc4 {[%emt 0:00:18]} Qc5 {[%emt 0:00:14]} 13. Bb3 {[%emt 0:00:09]} Be6 {[%emt 0:00:14]} 14. Bxe6 {[%emt 0:00:13]} fxe6 {[%emt 0:00:00]} 15. Bxg7 {[%emt 0:00:06]} Kxg7 {[%emt 0:00:00]} 16. Ne2 {[%emt 0:00:37]} Qb5 {[%emt 0:00:06]} 17. c3 {[%emt 0:00:07]} Nd7 {[%emt 0:00:11]} 18. Nd4 {[%emt 0:00:12]} Qb6 {[%emt 0:00:07]} 19. Nxe6+ {[%emt 0:00:05]} Kf7 {[%emt 0:00:02]} 20. Nxf8 {[%emt 0:00:01]} Kxf8 {[%emt 0:00:01]} 21. h4 {[%emt 0:00:06]} Ne5 {[%emt 0:00:02]} 22. Qc2 {[%emt 0:00:21]} Nc4 {[%emt 0:00:04]} 23. Qb3 {[%emt 0:00:03]} Qe3+ {[%emt 0:00:10]} 24. Kc2 {[%emt 0:00:14]} Rxb3 {[%emt 0:00:03]} 25. Kxb3 {[%emt 0:00:02]} Na5+ {[%emt 0:00:05]} 26. Kc2 {[%emt 0:00:13]} Nc4 {[%emt 0:00:07]} 27. Rhe1 {[%emt 0:00:26]} Qf4 {[%emt 0:00:05]} 28. Rf1 {[%emt 0:00:05]} Ne3+ {[%emt 0:00:02]} 29. Kd2 {[%emt 0:00:04]} Nxf1+ {[%emt 0:00:03]} 30. Ke1 {[%emt 0:00:04]} Ne3 {[%emt 0:00:07]} 31. Rd2 {[%emt 0:00:02]} Nc4 {[%emt 0:00:06]} 32. Rd4 {[%emt 0:00:02]} Qe3+ {[%emt 0:00:03]} 33. Kd1 {[%emt 0:00:02]} Nxb2+ {[%emt 0:00:06]} 34. Kc2 {[%emt 0:00:02]} Qe2+ {[%emt 0:00:15]} 35. Kb3 {[%emt 0:00:02]} Nd1 {[%emt 0:00:03]} 36. Kb4 {[%emt 0:00:02]} Qb2+ {[%emt 0:00:04]} 37. Kc4 {[%emt 0:00:01]} Qxc3# {[%emt 0:00:02] Mate Mate} 0-1

[Event "oeism u12_Gilrs_Blitz"]
[Site "austriaU12girls"]
[Date "2020.12.11"]
[Round "4"]
[White "Leefke Giselbrecht"]
[Black "Athene"]
[Result "1-0"]
[WhiteElo "1434"]
[BlackElo "1504"]
[Annotator "NA RC"]
[PlyCount "81"]
[EventDate "2020.12.11"]
[EventType "blitz"]

1. e4 {[%emt 0:00:03]} e5 {[%emt 0:00:08]} 2. Bc4 {[%emt 0:00:03]} Bc5 {[%emt 0:00:02]} 3. Nf3 {[%emt 0:00:03]} Nc6 {[%emt 0:00:03]} 4. d3 {[%emt 0:00:03]} d6 {[%emt 0:00:02]} 5. O-O {[%emt 0:00:03]} Nf6 {[%emt 0:00:02]} 6. c3 {[%emt 0:00:04]} Bg4 {[%emt 0:00:04]} 7. Nbd2 {[%emt 0:00:06]} Qd7 {[%emt 0:00:04]} 8. Re1 {[%emt 0:00:06]} a6 {[%emt 0:00:03]} 9. Bb3 {[%emt 0:00:03]} h6 {[%emt 0:00:10]} 10. Nf1 {[%emt 0:00:05]} O-O {[%emt 0:00:12]} 11. Ng3 {[%emt 0:00:03]} Ne7 {[%emt 0:00:07]} 12. h3 {[%emt 0:00:02]} Bh5 {[%emt 0:00:03]} 13. Nxh5 {[%emt 0:00:03]} Nxh5 {[%emt 0:00:04]} 14. Nh4 {[%emt 0:00:03]} Nf4 {[%emt 0:00:06]} 15. Be3 {[%emt 0:00:29]} Bxe3 {[%emt 0:00:09]} 16. fxe3 {[%emt 0:00:02]} Nfg6 {[%emt 0:00:03]} 17. Nf3 {[%emt 0:00:11]} Kh8 {[%emt 0:00:12]} 18. Rf1 {[%emt 0:00:02]} f5 {[%emt 0:00:03]} 19. exf5 {[%emt 0:00:07]} Nxf5 {[%emt 0:00:02]} 20. e4 {[%emt 0:00:04]} Ne3 {[%emt 0:00:04]} 21. Nxe5 {[%emt 0:00:09]} Nxe5 {[%emt 0:00:08]} 22. Rxf8+ {[%emt 0:00:04]} Rxf8 {[%emt 0:00:02]} 23. Qd2 {[%emt 0:00:06]} Nxg2 {[%emt 0:00:16]} 24. Kxg2 {[%emt 0:00:03]} Qf7 {[%emt 0:00:06]} 25. Bxf7 {[%emt 0:00:09]} Rxf7 {[%emt 0:00:00]} 26. Rf1 {[%emt 0:00:07]} Rxf1 {[%emt 0:00:04]} 27. Kxf1 {[%emt 0:00:03]} Kh7 {[%emt 0:00:02]} 28. d4 {[%emt 0:00:06]} Nf3 {[%emt 0:00:02]} 29. Qf2 {[%emt 0:00:03]} Ng5 {[%emt 0:00:04]} 30. h4 {[%emt 0:00:03]} Nh3 {[%emt 0:00:02]} 31. Qg3 {[%emt 0:00:05]} Ng5 {[%emt 0:00:04]} 32. hxg5 {[%emt 0:00:02]} hxg5 {[%emt 0:00:00]} 33. Kf2 {[%emt 0:00:02]} c5 {[%emt 0:00:00]} 34. Qxg5 {[%emt 0:00:03]} b5 {[%emt 0:00:00]} 35. Kf3 {[%emt 0:00:02]} b4 {[%emt 0:00:01]} 36. Kf4 {[%emt 0:00:02]} a5 {[%emt 0:00:00]} 37. Kf5 {[%emt 0:00:02]} a4 {[%emt 0:00:00]} 38. Qg6+ {[%emt 0:00:02]} Kh8 {[%emt 0:00:02]} 39. Ke6 {[%emt 0:00:02]} a3 {[%emt 0:00:01]} 40. Kf7 {[%emt 0:00:02]} axb2 {[%emt 0:00:03]} 41. Qxg7# {[%emt 0:00:01] Mate Mate} 1-0

[Event "oeism u12_Gilrs_Blitz"]
[Site "austriaU12girls"]
[Date "2020.12.11"]
[Round "4"]
[White "Jaguarjungle"]
[Black "Orchidee14"]
[Result "1-0"]
[WhiteElo "1401"]
[BlackElo "1443"]
[Annotator "NA RC"]
[PlyCount "49"]
[EventDate "2020.12.11"]
[EventType "blitz"]

1. e4 {[%emt 0:00:06]} g6 {[%emt 0:00:00]} 2. d4 {[%emt 0:00:03]} Bg7 {[%emt 0:00:01] Jaguarjungle reconnected.} 3. Nf3 {[%emt 0:00:11]} d6 {[%emt 0:00:02]} 4. Nc3 {[%emt 0:00:02]} Bg4 {[%emt 0:00:09]} 5. Be2 {[%emt 0:00:02]} Nf6 {[%emt 0:00:16]} 6. h3 {[%emt 0:00:04]} Bxf3 {[%emt 0:00:18]} 7. Bxf3 {[%emt 0:00:03]} Nc6 {[%emt 0:00:07]} 8. O-O {[%emt 0:00:03]} O-O {[%emt 0:00:17]} 9. Be3 {[%emt 0:00:01]} a6 {[%emt 0:00:18]} 10. b3 {[%emt 0:00:01]} b5 {[%emt 0:00:10]} 11. a4 {[%emt 0:00:02]} bxa4 {[%emt 0:00:11]} 12. Rxa4 {[%emt 0:00:36]} Na7 {[%emt 0:00:08]} 13. Qd3 {[%emt 0:00:05]} Nc6 {[%emt 0:00:11]} 14. Rxa6 {[%emt 0:00:03]} Rxa6 {[%emt 0:00:05]} 15. Qxa6 {[%emt 0:00:00]} Nb4 {[%emt 0:00:03]} 16. Qe2 {[%emt 0:00:19]} c5 {[%emt 0:00:08]} 17. Ra1 {[%emt 0:00:07]} cxd4 {[%emt 0:00:24]} 18. Bxd4 {[%emt 0:00:00]} d5 {[%emt 0:00:14]} 19. e5 {[%emt 0:00:05]} Nd7 {[%emt 0:00:15]} 20. e6 {[%emt 0:00:05]} fxe6 {[%emt 0:00:09]} 21. Qxe6+ {[%emt 0:00:00]} Rf7 {[%emt 0:00:07]} 22. Bxd5 {[%emt 0:00:05]} Bxd4 {[%emt 0:00:03]} 23. Qxf7+ {[%emt 0:00:03]} Kh8 {[%emt 0:00:01]} 24. Ra7 {[%emt 0:00:06]} Qg8 {[%emt 0:00:00]} 25. Qxg8# {[%emt 0:00:03] Mate Mate} 1-0

[Event "oeism u12_Gilrs_Blitz"]
[Site "austriaU12girls"]
[Date "2020.12.11"]
[Round "5"]
[White "BiancaD"]
[Black "Leefke Giselbrecht"]
[Result "0-1"]
[WhiteElo "1675"]
[BlackElo "1454"]
[Annotator "NA RC"]
[PlyCount "148"]
[EventDate "2020.12.11"]
[EventType "blitz"]

1. e4 {[%emt 0:00:01]} d5 {[%emt 0:00:03]} 2. exd5 {[%emt 0:00:02]} Qxd5 {[%emt 0:00:03]} 3. Nc3 {[%emt 0:00:01]} Qd8 {[%emt 0:00:02]} 4. Nf3 {[%emt 0:00:01]} Nf6 {[%emt 0:00:02]} 5. Bc4 {[%emt 0:00:02]} Bf5 {[%emt 0:00:04]} 6. O-O {[%emt 0:00:03]} e6 {[%emt 0:00:02]} 7. h3 {[%emt 0:00:02]} Bd6 {[%emt 0:00:08]} 8. Re1 {[%emt 0:00:03]} O-O {[%emt 0:00:03]} 9. d3 {[%emt 0:00:02]} c6 {[%emt 0:00:03]} 10. Bg5 {[%emt 0:00:02]} Nbd7 {[%emt 0:00:05]} 11. Nh4 {[%emt 0:00:08]} Qc7 {[%emt 0:00:08]} 12. f4 {[%emt 0:00:30]} Bxf4 {[%emt 0:00:14]} 13. Bxf4 {[%emt 0:00:02]} Qxf4 {[%emt 0:00:02]} 14. Nxf5 {[%emt 0:00:02]} Qxf5 {[%emt 0:00:02]} 15. Rf1 {[%emt 0:00:03]} Qg6 {[%emt 0:00:06]} 16. Qd2 {[%emt 0:00:13]} Ne5 {[%emt 0:00:03]} 17. Rae1 {[%emt 0:00:08]} Nxc4 {[%emt 0:00:05]} 18. dxc4 {[%emt 0:00:01]} Rad8 {[%emt 0:00:02]} 19. Qe3 {[%emt 0:00:02]} Qxc2 {[%emt 0:00:10]} 20. Qe2 {[%emt 0:00:04]} Qxe2 {[%emt 0:00:09]} 21. Rxe2 {[%emt 0:00:01]} Rd4 {[%emt 0:00:06]} 22. Rd1 {[%emt 0:00:10]} Rfd8 {[%emt 0:00:05]} 23. Rxd4 {[%emt 0:00:04]} Rxd4 {[%emt 0:00:02]} 24. a4 {[%emt 0:00:10]} Rxc4 {[%emt 0:00:04]} 25. Rd2 {[%emt 0:00:05]} Kf8 {[%emt 0:00:02]} 26. Rd8+ {[%emt 0:00:09]} Ke7 {[%emt 0:00:04]} 27. Ra8 {[%emt 0:00:01]} a6 {[%emt 0:00:03]} 28. Ra7 {[%emt 0:00:02]} Rb4 {[%emt 0:00:04]} 29. Kf2 {[%emt 0:00:05]} Rxb2+ {[%emt 0:00:05]} 30. Ke3 {[%emt 0:00:04]} Kd6 {[%emt 0:00:08]} 31. Ne4+ {[%emt 0:00:04]} Nxe4 {[%emt 0:00:03]} 32. Kxe4 {[%emt 0:00:01]} Rb4+ {[%emt 0:00:10]} 33. Ke3 {[%emt 0:00:02]} Ke5 {[%emt 0:00:03]} 34. g3 {[%emt 0:00:03]} f5 {[%emt 0:00:03]} 35. Kf3 {[%emt 0:00:03]} g5 {[%emt 0:00:04]} 36. g4 {[%emt 0:00:01]} Rb3+ {[%emt 0:00:07]} 37. Ke2 {[%emt 0:00:03]} fxg4 {[%emt 0:00:04]} 38. hxg4 {[%emt 0:00:02]} Kf4 {[%emt 0:00:02]} 39. a5 {[%emt 0:00:05]} Kxg4 {[%emt 0:00:02]} 40. Ra8 {[%emt 0:00:01]} h5 {[%emt 0:00:04]} 41. Re8 {[%emt 0:00:02]} Rb2+ {[%emt 0:00:06]} 42. Ke3 {[%emt 0:00:02]} Rb3+ {[%emt 0:00:08]} 43. Ke2 {[%emt 0:00:02]} Rg3 {[%emt 0:00:03]} 44. Rxe6 {[%emt 0:00:02]} h4 {[%emt 0:00:03]} 45. Re4+ {[%emt 0:00:01]} Kh5 {[%emt 0:00:04]} 46. Kf2 {[%emt 0:00:01]} g4 {[%emt 0:00:04]} 47. Re5+ {[%emt 0:00:02]} Kg6 {[%emt 0:00:02]} 48. Re1 {[%emt 0:00:09]} Kf5 {[%emt 0:00:04]} 49. Rh1 {[%emt 0:00:02]} Kg5 {[%emt 0:00:04]} 50. Rh2 {[%emt 0:00:08]} Rf3+ {[%emt 0:00:04]} 51. Kg2 {[%emt 0:00:02]} h3+ {[%emt 0:00:07]} 52. Kg1 {[%emt 0:00:09]} Rg3+ {[%emt 0:00:08]} 53. Kf1 {[%emt 0:00:04]} Kf4 {[%emt 0:00:02]} 54. Kf2 {[%emt 0:00:03]} Rg2+ {[%emt 0:00:06]} 55. Rxg2 {[%emt 0:00:02]} hxg2 {[%emt 0:00:01]} 56. Kxg2 {[%emt 0:00:01]} c5 {[%emt 0:00:02]} 57. Kf2 {[%emt 0:00:01]} c4 {[%emt 0:00:01]} 58. Ke2 {[%emt 0:00:02]} c3 {[%emt 0:00:02] BiancaD offers a draw} 59. Kd1 {[%emt 0:00:13]} Kf3 {[%emt 0:00:05]} 60. Kc2 {[%emt 0:00:01]} g3 {[%emt 0:00:04]} 61. Kxc3 {[%emt 0:00:00]} g2 {[%emt 0:00:02]} 62. Kc4 {[%emt 0:00:00]} g1=Q {[%emt 0:00:03]} 63. Kd5 {[%emt 0:00:01]} Qg4 {[%emt 0:00:04]} 64. Kd6 {[%emt 0:00:01]} Qg5 {[%emt 0:00:02]} 65. Kc7 {[%emt 0:00:01]} Qg6 {[%emt 0:00:02]} 66. Kxb7 {[%emt 0:00:01]} Ke4 {[%emt 0:00:02]} 67. Ka7 {[%emt 0:00:01]} Kd5 {[%emt 0:00:03]} 68. Kb7 {[%emt 0:00:01]} Kc5 {[%emt 0:00:02]} 69. Ka7 {[%emt 0:00:01]} Qg7+ {[%emt 0:00:05]} 70. Kxa6 {[%emt 0:00:03]} Qf6+ {[%emt 0:00:03]} 71. Ka7 {[%emt 0:00:01]} Kb5 {[%emt 0:00:07]} 72. a6 {[%emt 0:00:01]} Qb6+ {[%emt 0:00:02]} 73. Ka8 {[%emt 0:00:02]} Kc6 {[%emt 0:00:03]} 74. a7 {[%emt 0:00:04]} Qb7# {[%emt 0:00:01] Mate Mate} 0-1

[Event "oeism u12_Gilrs_Blitz"]
[Site "austriaU12girls"]
[Date "2020.12.11"]
[Round "5"]
[White "chessellis"]
[Black "Ju_Fa29"]
[Result "1-0"]
[WhiteElo "1622"]
[BlackElo "1531"]
[Annotator "NA RC"]
[PlyCount "71"]
[EventDate "2020.12.11"]
[EventType "blitz"]

1. e4 {[%emt 0:00:02]} e5 {[%emt 0:00:04]} 2. Nf3 {[%emt 0:00:01]} Nc6 {[%emt 0:00:02]} 3. Nc3 {[%emt 0:00:01]} Nf6 {[%emt 0:00:02]} 4. d4 {[%emt 0:00:01]} exd4 {[%emt 0:00:02]} 5. Nxd4 {[%emt 0:00:01]} Bc5 {[%emt 0:00:14]} 6. Nxc6 {[%emt 0:00:03]} bxc6 {[%emt 0:00:07]} 7. Bd3 {[%emt 0:00:02]} O-O {[%emt 0:00:07]} 8. Bg5 {[%emt 0:00:02]} h6 {[%emt 0:00:04]} 9. Bh4 {[%emt 0:00:02]} Be7 {[%emt 0:00:04]} 10. O-O {[%emt 0:00:06]} d5 {[%emt 0:00:05]} 11. exd5 {[%emt 0:00:05]} cxd5 {[%emt 0:00:05]} 12. Bxf6 {[%emt 0:00:09]} Bxf6 {[%emt 0:00:04]} 13. Nxd5 {[%emt 0:00:02]} Qxd5 {[%emt 0:00:02]} 14. Bh7+ {[%emt 0:00:02]} Kh8 {[%emt 0:00:03]} 15. Qxd5 {[%emt 0:00:02]} Be6 {[%emt 0:00:12]} 16. Qb5 {[%emt 0:00:11]} Rab8 {[%emt 0:00:10]} 17. Qd3 {[%emt 0:00:05]} Bxb2 {[%emt 0:00:06]} 18. Rab1 {[%emt 0:00:01]} Bf6 {[%emt 0:00:08]} 19. Bf5 {[%emt 0:00:13]} Bxa2 {[%emt 0:00:05]} 20. Rxb8 {[%emt 0:00:05]} Rxb8 {[%emt 0:00:03]} 21. Qa3 {[%emt 0:00:04]} Bc4 {[%emt 0:00:07]} 22. Re1 {[%emt 0:00:13]} Bd4 {[%emt 0:00:23]} 23. h3 {[%emt 0:00:08]} Bb5 {[%emt 0:00:05]} 24. Rb1 {[%emt 0:00:15]} c6 {[%emt 0:00:08]} 25. Bd7 {[%emt 0:00:05]} Rd8 {[%emt 0:00:06]} 26. Bg4 {[%emt 0:00:14]} Bb6 {[%emt 0:00:27]} 27. Qf3 {[%emt 0:00:18]} f6 {[%emt 0:00:05]} 28. Bf5 {[%emt 0:00:08]} Rd5 {[%emt 0:00:05]} 29. Be4 {[%emt 0:00:02]} Rd4 {[%emt 0:00:04]} 30. Bxc6 {[%emt 0:00:04]} Bxc6 {[%emt 0:00:07]} 31. Qxc6 {[%emt 0:00:00]} Rd2 {[%emt 0:00:08]} 32. Qc8+ {[%emt 0:00:11]} Kh7 {[%emt 0:00:03]} 33. Qf5+ {[%emt 0:00:02]} Kg8 {[%emt 0:00:05]} 34. c4 {[%emt 0:00:08]} Kh8 {[%emt 0:00:22]} 35. Re1 {[%emt 0:00:13]} Rd4 {[%emt 0:00:04]} 36. Re8# {[%emt 0:00:02] Mate Mate} 1-0

[Event "oeism u12_Gilrs_Blitz"]
[Site "austriaU12girls"]
[Date "2020.12.11"]
[Round "5"]
[White "LBchessqueen"]
[Black "HarryPotter09"]
[Result "1-0"]
[WhiteElo "1547"]
[BlackElo "1501"]
[Annotator "NA RC"]
[PlyCount "59"]
[EventDate "2020.12.11"]
[EventType "blitz"]

1. c4 {[%emt 0:00:18]} e5 {[%emt 0:00:03]} 2. d3 {[%emt 0:00:02]} Nf6 {[%emt 0:00:03]} 3. g3 {[%emt 0:00:03]} d5 {[%emt 0:00:06]} 4. cxd5 {[%emt 0:00:03]} Nxd5 {[%emt 0:00:02]} 5. Bg2 {[%emt 0:00:03]} Be6 {[%emt 0:00:10]} 6. Nc3 {[%emt 0:00:02]} Bb4 {[%emt 0:00:11]} 7. Bd2 {[%emt 0:00:04]} Nc6 {[%emt 0:00:24]} 8. a3 {[%emt 0:00:07]} Bxc3 {[%emt 0:00:04]} 9. Bxc3 {[%emt 0:00:02]} Qd7 {[%emt 0:00:21]} 10. Nf3 {[%emt 0:00:05]} f6 {[%emt 0:00:06]} 11. O-O {[%emt 0:00:08]} O-O-O {[%emt 0:00:10]} 12. Rc1 {[%emt 0:00:03]} Bh3 {[%emt 0:00:06]} 13. b4 {[%emt 0:00:25]} a6 {[%emt 0:00:12]} 14. e4 {[%emt 0:00:03]} Nxc3 {[%emt 0:00:11]} 15. Rxc3 {[%emt 0:00:02]} h5 {[%emt 0:00:11]} 16. Qa4 {[%emt 0:00:21]} g5 {[%emt 0:00:24]} 17. b5 {[%emt 0:00:23]} Nd4 {[%emt 0:00:06]} 18. Nxd4 {[%emt 0:00:27]} Bxg2 {[%emt 0:00:10]} 19. Kxg2 {[%emt 0:00:08]} Qxd4 {[%emt 0:00:05]} 20. Qxd4 {[%emt 0:00:05]} Rxd4 {[%emt 0:00:02]} 21. bxa6 {[%emt 0:00:03]} bxa6 {[%emt 0:00:02]} 22. Rfc1 {[%emt 0:00:06]} Rh7 {[%emt 0:00:05]} 23. Kf3 {[%emt 0:00:14]} g4+ {[%emt 0:00:18]} 24. Ke3 {[%emt 0:00:06]} Rhd7 {[%emt 0:00:08]} 25. Rd1 {[%emt 0:00:06]} Ra4 {[%emt 0:00:04]} 26. Ra1 {[%emt 0:00:08]} Rad4 {[%emt 0:00:03]} 27. Rd1 {[%emt 0:00:05]} Rd8 {[%emt 0:00:03]} 28. Rc6 {[%emt 0:00:04]} R8d7 {[%emt 0:00:03]} 29. Rxa6 {[%emt 0:00:03]} Kb7 {[%emt 0:00:05]} 30. Rxf6 {[%emt 0:00:01] TimeB} 1-0

[Event "oeism u12_Gilrs_Blitz"]
[Site "austriaU12girls"]
[Date "2020.12.11"]
[Round "5"]
[White "efiona2008"]
[Black "Jaguarjungle"]
[Result "1-0"]
[WhiteElo "1436"]
[BlackElo "1485"]
[Annotator "NA RC"]
[PlyCount "25"]
[EventDate "2020.12.11"]
[EventType "blitz"]

1. e4 {[%emt 0:00:04]} e5 {[%emt 0:00:08]} 2. Nf3 {[%emt 0:00:02]} Nc6 {[%emt 0:00:02]} 3. Nc3 {[%emt 0:00:02]} Nf6 {[%emt 0:00:02]} 4. Bc4 {[%emt 0:00:03]} Bc5 {[%emt 0:00:01]} 5. Ng5 {[%emt 0:00:06]} O-O {[%emt 0:00:03]} 6. d3 {[%emt 0:00:09]} h6 {[%emt 0:00:03]} 7. Nf3 {[%emt 0:00:03]} Ng4 {[%emt 0:00:06]} 8. O-O {[%emt 0:00:02]} Nd4 {[%emt 0:00:12]} 9. h3 {[%emt 0:00:09]} Nxf3+ {[%emt 0:00:02]} 10. Qxf3 {[%emt 0:00:07]} Nf6 {[%emt 0:00:07]} 11. Qg3 {[%emt 0:00:10]} d6 {[%emt 0:00:03]} 12. Bxh6 {[%emt 0:00:06]} Kh7 {[%emt 0:00:06]} 13. Qxg7# {[%emt 0:00:07] Mate Mate} 1-0

[Event "oeism u12_Gilrs_Blitz"]
[Site "austriaU12girls"]
[Date "2020.12.11"]
[Round "5"]
[White "Athene"]
[Black "Orchidee14"]
[Result "1-0"]
[WhiteElo "1414"]
[BlackElo "1375"]
[Annotator "NA RC"]
[PlyCount "80"]
[EventDate "2020.12.11"]
[EventType "blitz"]

1. e4 {[%emt 0:00:09]} g6 {[%emt 0:00:01]} 2. d4 {[%emt 0:00:02]} Bg7 {[%emt 0:00:03]} 3. Nf3 {[%emt 0:00:03]} d6 {[%emt 0:00:16]} 4. Bc4 {[%emt 0:00:01]} Nf6 {[%emt 0:00:03]} 5. Nc3 {[%emt 0:00:02]} O-O {[%emt 0:00:03]} 6. Bf4 {[%emt 0:00:04]} Nc6 {[%emt 0:00:09]} 7. Rb1 {[%emt 0:00:03]} Bg4 {[%emt 0:00:24]} 8. h3 {[%emt 0:00:03]} Bxf3 {[%emt 0:00:03]} 9. Qxf3 {[%emt 0:00:02]} e5 {[%emt 0:00:02]} 10. dxe5 {[%emt 0:00:02]} dxe5 {[%emt 0:00:03]} 11. Bg5 {[%emt 0:00:03]} Nd4 {[%emt 0:00:05]} 12. Qe3 {[%emt 0:00:07]} Nxc2+ {[%emt 0:00:04]} 13. Ke2 {[%emt 0:00:06]} Nxe3 {[%emt 0:00:02]} 14. Kxe3 {[%emt 0:00:01]} Qc8 {[%emt 0:00:10]} 15. Rhd1 {[%emt 0:00:05]} Nh5 {[%emt 0:00:22]} 16. Rd2 {[%emt 0:00:11]} a6 {[%emt 0:00:04]} 17. Rbd1 {[%emt 0:00:02]} Qb8 {[%emt 0:00:19]} 18. Rd8 {[%emt 0:00:04]} Qa7+ {[%emt 0:00:03]} 19. Ke2 {[%emt 0:00:05]} h6 {[%emt 0:00:10]} 20. Be7 {[%emt 0:00:05]} Nf4+ {[%emt 0:00:05]} 21. Kf1 {[%emt 0:00:08]} Re8 {[%emt 0:00:21]} 22. Rxe8+ {[%emt 0:00:16]} Rxe8 {[%emt 0:00:06]} 23. Rd8 {[%emt 0:00:02]} Rf8 {[%emt 0:00:24]} 24. Bxf8 {[%emt 0:00:04]} Bxf8 {[%emt 0:00:02]} 25. Rd7 {[%emt 0:00:05]} Nd3 {[%emt 0:00:04]} 26. Bxf7+ {[%emt 0:00:15]} Kg7 {[%emt 0:00:03]} 27. Bc4+ {[%emt 0:00:03]} Kh8 {[%emt 0:00:04]} 28. Rxd3 {[%emt 0:00:02]} Bc5 {[%emt 0:00:10]} 29. Rd8+ {[%emt 0:00:04]} Kh7 {[%emt 0:00:03]} 30. Rd7+ {[%emt 0:00:03]} Kh8 {[%emt 0:00:02]} 31. Rd8+ {[%emt 0:00:13]} Kg7 {[%emt 0:00:03]} 32. Rd7+ {[%emt 0:00:03]} Kf6 {[%emt 0:00:01]} 33. Rf7+ {[%emt 0:00:03]} Kg5 {[%emt 0:00:02] Orchidee14 offers a draw} 34. g3 {[%emt 0:00:15]} Bxf2 {[%emt 0:00:03]} 35. h4+ {[%emt 0:00:03]} Kg4 {[%emt 0:00:03]} 36. Be2+ {[%emt 0:00:07]} Kh3 {[%emt 0:00:02]} 37. Rxf2 {[%emt 0:00:05]} Qe3 {[%emt 0:00:07]} 38. Nd1 {[%emt 0:00:06]} Qxg3 {[%emt 0:00:02]} 39. Rf3 {[%emt 0:00:03]} Qxf3+ {[%emt 0:00:02]} 40. Bxf3 {[%emt 0:00:01]} Kh2 {[%emt 0:00:03] Orchidee14 resigns} 1-0

[Event "oeism u12_Gilrs_Blitz"]
[Site "austriaU12girls"]
[Date "2020.12.11"]
[Round "6"]
[White "chessellis"]
[Black "LBchessqueen"]
[Result "0-1"]
[WhiteElo "1635"]
[BlackElo "1562"]
[Annotator "NA RC"]
[PlyCount "116"]
[EventDate "2020.12.11"]
[EventType "blitz"]

1. e4 {[%emt 0:00:02]} c5 {[%emt 0:00:01]} 2. Nf3 {[%emt 0:00:01]} d6 {[%emt 0:00:01]} 3. d4 {[%emt 0:00:01]} cxd4 {[%emt 0:00:02]} 4. Nxd4 {[%emt 0:00:00]} g6 {[%emt 0:00:02]} 5. Nc3 {[%emt 0:00:02]} Bg7 {[%emt 0:00:01]} 6. Be3 {[%emt 0:00:04]} Nc6 {[%emt 0:00:02]} 7. Qd2 {[%emt 0:00:06]} Bd7 {[%emt 0:00:02]} 8. O-O-O {[%emt 0:00:04]} Nf6 {[%emt 0:00:05]} 9. Bc4 {[%emt 0:00:08]} O-O {[%emt 0:00:03]} 10. Bh6 {[%emt 0:00:07]} Nxd4 {[%emt 0:00:09]} 11. Bxg7 {[%emt 0:00:08]} Kxg7 {[%emt 0:00:07]} 12. Qxd4 {[%emt 0:00:02]} Bc6 {[%emt 0:00:17]} 13. e5 {[%emt 0:00:09]} dxe5 {[%emt 0:00:05]} 14. Qxe5 {[%emt 0:00:05]} Qb8 {[%emt 0:00:08]} 15. Qxe7 {[%emt 0:00:07]} Bxg2 {[%emt 0:00:09]} 16. Rhg1 {[%emt 0:00:02]} Bf3 {[%emt 0:00:05]} 17. Rde1 {[%emt 0:00:06]} Bc6 {[%emt 0:00:05]} 18. Bd3 {[%emt 0:00:12]} Qxh2 {[%emt 0:00:05]} 19. Rh1 {[%emt 0:00:09]} Qf4+ {[%emt 0:00:07]} 20. Kb1 {[%emt 0:00:15]} Rfe8 {[%emt 0:00:05]} 21. Qa3 {[%emt 0:00:12]} Rxe1+ {[%emt 0:00:04]} 22. Rxe1 {[%emt 0:00:03]} Qxf2 {[%emt 0:00:04]} 23. Rf1 {[%emt 0:00:08]} Qd4 {[%emt 0:00:08]} 24. Qe7 {[%emt 0:00:08]} Re8 {[%emt 0:00:15]} 25. Qc7 {[%emt 0:00:15] chessellis offers a draw} Qf2 {[%emt 0:00:32]} 26. a3 {[%emt 0:00:22]} Re1+ {[%emt 0:00:06]} 27. Rxe1 {[%emt 0:00:02]} Qxe1+ {[%emt 0:00:01]} 28. Ka2 {[%emt 0:00:01]} Qe6+ {[%emt 0:00:03]} 29. Kb1 {[%emt 0:00:09]} h5 {[%emt 0:00:03]} 30. Qa5 {[%emt 0:00:05]} a6 {[%emt 0:00:06]} 31. Qb4 {[%emt 0:00:06]} Qe1+ {[%emt 0:00:09]} 32. Ka2 {[%emt 0:00:03]} h4 {[%emt 0:00:01]} 33. Qd4 {[%emt 0:00:11]} h3 {[%emt 0:00:05]} 34. Qd6 {[%emt 0:00:16]} Qe6+ {[%emt 0:00:03]} 35. Qxe6 {[%emt 0:00:08]} fxe6 {[%emt 0:00:00]} 36. Ne2 {[%emt 0:00:02]} h2 {[%emt 0:00:01]} 37. Ng3 {[%emt 0:00:02]} h1=Q {[%emt 0:00:04]} 38. Nxh1 {[%emt 0:00:01]} Bxh1 {[%emt 0:00:01]} 39. b3 {[%emt 0:00:03]} g5 {[%emt 0:00:01]} 40. Bc4 {[%emt 0:00:03]} Bd5 {[%emt 0:00:07]} 41. Bd3 {[%emt 0:00:04]} g4 {[%emt 0:00:02]} 42. Be2 {[%emt 0:00:02]} g3 {[%emt 0:00:02]} 43. Bf1 {[%emt 0:00:02]} g2 {[%emt 0:00:01]} 44. Bxg2 {[%emt 0:00:01]} Bxg2 {[%emt 0:00:00]} 45. Kb2 {[%emt 0:00:01]} e5 {[%emt 0:00:01]} 46. Kc3 {[%emt 0:00:02]} e4 {[%emt 0:00:01]} 47. Kd4 {[%emt 0:00:01]} Kg6 {[%emt 0:00:03]} 48. Ke3 {[%emt 0:00:02]} Ng4+ {[%emt 0:00:02]} 49. Kd4 {[%emt 0:00:02]} e3 {[%emt 0:00:02]} 50. Kd3 {[%emt 0:00:02]} Bf1+ {[%emt 0:00:04]} 51. Ke4 {[%emt 0:00:03]} e2 {[%emt 0:00:01]} 52. Kf4 {[%emt 0:00:02]} e1=Q {[%emt 0:00:01]} 53. Kxg4 {[%emt 0:00:01]} Qf2 {[%emt 0:00:03]} 54. c4 {[%emt 0:00:03]} Be2+ {[%emt 0:00:03]} 55. Kh3 {[%emt 0:00:02]} Qg1 {[%emt 0:00:03]} 56. c5 {[%emt 0:00:05]} Bf3 {[%emt 0:00:04]} 57. c6 {[%emt 0:00:03]} Qg2+ {[%emt 0:00:02]} 58. Kh4 {[%emt 0:00:01]} Qg4# {[%emt 0:00:01] Mate Mate} 0-1